[Event "Foxwoods op 10th"]
[Site "Ledyard"]
[Date "2008.03.19"]
[Round "1"]
[White "Yagiz, Bora"]
[Black "Tan, Oscar"]
[Result "0-1"]
[WhiteElo "1938"]
[BlackElo "2295"]
[PlyCount "60"]
[EventDate "2008.03.19"]
[EventType "swiss"]
[EventRounds "9"]
[EventCountry "USA"]
[SourceTitle "CBM 123 Extra"]
[Source "ChessBase"]
[SourceDate "2008.05.06"]
[SourceVersion "1"]
[SourceVersionDate "2008.05.06"]
[SourceQuality "1"]

1. e4 e5 2. Nf3 Nf6 3. d4 Nxe4 4. Bd3 d5 5. Nxe5 Nd7 6. Nxd7 Bxd7 7. 0-0 Be7 8. c4 Nf6 9. Nc3 dxc4 10. Bxc4 0-0 11. Bf4 c6 12. Re1 Bg4 13. Qd2 Re8 14. h3 Bh5 15. Re5 Bd6 16. Rg5 Bg6 17. Rd1 b5 18. Bb3 b4 19. Rxg6 hxg6 20. Na4 Bxf4 21. Qxf4 Re4 22. Qg3 Rxd4 23. Rxd4 Qxd4 24. Qxg6 Rf8 25. Qf5 Re8 26. Nc5 Re5 27. Qc8+ Kh7 28. Bc2+ g6 29. Qf8 Re1+ 30. Kh2 Qf4+ 0-1

[Event "Chicago op"]
[Site "Chicago"]
[Date "1996.??.??"]
[Round "?"]
[White "Tan, Oscar"]
[Black "Shabalov, Alexander"]
[Result "0-1"]
[WhiteElo "2275"]
[BlackElo "2605"]
[PlyCount "48"]
[EventDate "1996.??.??"]
[EventType "swiss"]
[EventRounds "9"]
[EventCountry "USA"]
[SourceTitle "EXT 1999"]
[Source "ChessBase"]
[SourceDate "1998.11.16"]
[SourceVersion "1"]
[SourceVersionDate "1998.11.16"]
[SourceQuality "1"]

1. e4 c6 2. d4 d5 3. e5 Bf5 4. Nf3 e6 5. Be2 Nd7 6. 0-0 Ne7 7. Be3 Bg4 8. Nh4 Bxe2 9. Qxe2 c5 10. c3 Nc6 11. Nf3 Be7 12. Nbd2 0-0 13. Rfd1 c4 14. Nf1 b5 15. Ng3 a5 16. Nd2 Nb6 17. f4 g6 18. Rf1 b4 19. Qg4 Kh8 20. Nf3 Na4 21. f5 exf5 22. Nxf5 gxf5 23. Qxf5 Rg8 24. Qxf7 Nxb2 0-1

[Event "Philadelphia Int 5th"]
[Site "Philadelphia"]
[Date "1994.06.27"]
[Round "7"]
[White "Tan, Oscar"]
[Black "Alexopoulos, Georgios"]
[Result "1/2-1/2"]
[WhiteElo "2240"]
[BlackElo "2260"]
[PlyCount "108"]
[EventDate "1994.06.24"]
[EventType "swiss"]
[EventRounds "9"]
[EventCountry "USA"]
[SourceTitle "EXT 2004"]
[Source "ChessBase"]
[SourceDate "2003.11.25"]
[SourceVersion "1"]
[SourceVersionDate "2003.11.25"]
[SourceQuality "1"]

1. d4 e6 2. e4 d5 3. Nc3 Bb4 4. e5 c5 5. a3 Bxc3+ 6. bxc3 Qc7 7. Qg4 f6 8. Bb5+ Kf8 9. a4 fxe5 10. Qg3 a6 11. Bf1 cxd4 12. cxd4 Nf6 13. dxe5 Ne4 14. Qa3+ Kf7 15. Nf3 Qxc2 16. Ng5+ Nxg5 17. Bxg5 Qc7 18. Be2 Re8 19. Bh5+ g6 20. Be2 Qxe5 21. f4 Qg7 22. 0-0 Bd7 23. Rab1 Bc6 24. Rfc1 Kg8 25. Bg4 h6 26. Bh4 Qd4+ 27. Kh1 Qxf4 28. Qh3 Qd6 29. Bg3 e5 30. Qxh6 Nd7 31. Rf1 Rf8 32. Bh5 Rxf1+ 33. Rxf1 Rf8 34. Re1 Qf6 35. Be2 Bxa4 36. h3 Bc6 37. Bg4 e4 38. Bh4 g5 39. Be6+ Rf7 40. Bxf7+ Kxf7 41. Qh5+ Qg6 42. Rf1+ Kg7 43. Qxg5 Qxg5 44. Bxg5 d4 45. Rd1 Kg6 46. h4 d3 47. Kg1 Ne5 48. Kf2 Kh5 49. Ke3 Nc4+ 50. Kd4 b5 51. Rg1 Kg4 52. Rh1 Kh5 53. Rg1 Kg4 54. Rh1 Kh5 1/2-1/2

[Event "Philadelphia Int 5th"]
[Site "Philadelphia"]
[Date "1994.??.??"]
[Round "1"]
[White "Tan, Oscar"]
[Black "Gurevich, Dmitry"]
[Result "0-1"]
[WhiteElo "2240"]
[BlackElo "2545"]
[PlyCount "68"]
[EventDate "1994.06.24"]
[EventType "swiss"]
[EventRounds "9"]
[EventCountry "USA"]
[SourceTitle "EXT 2024"]
[Source "ChessBase"]
[SourceDate "2023.10.10"]
[SourceVersion "1"]
[SourceVersionDate "2023.10.10"]
[SourceQuality "1"]

1. e4 c5 2. Nf3 d6 3. d4 cxd4 4. Nxd4 Nf6 5. Nc3 Nc6 6. Bc4 e6 7. Be3 Be7 8. Qe2 Qc7 9. Bb3 a6 10. 0-0-0 Na5 11. g4 b5 12. g5 Nxb3+ 13. axb3 Nd7 14. f4 b4 15. Na4 Nc5 16. f5 Bd7 17. Nxc5 dxc5 18. fxe6 fxe6 19. Nf3 Bb5 20. Qg2 a5 21. Qg4 Ra6 22. g6 h6 23. Bf4 Qc8 24. Ne5 0-0 25. Nf7 e5 26. Qxc8 Rxc8 27. Nxe5 Rf8 28. Be3 a4 29. bxa4 Rxa4 30. Rhg1 Ra1+ 31. Kd2 Rd8+ 32. Nd3 Rxd1+ 33. Rxd1 c4 34. Ke2 cxd3+ 0-1